| 000 | 00382nam a2200145Ia 4500 | ||
|---|---|---|---|
| 008 | 230917s9999||||xx |||||||||||||| ||und|| | ||
| 040 |
_e214731 _aMAIN |
||
| 041 | _aEnglish | ||
| 082 | _a338.4791 L944E | ||
| 100 | _aLovelock, Brent | ||
| 245 | 0 | _aEthics of tourism: Critical and applied perspectives | |
| 260 |
_aLondon _bRoutledge _c2013 |
||
| 300 | _axiv, 368 p. | ||
| 942 | _cBK | ||
| 999 |
_c177880 _d177880 |
||